| 000 | 00473nam a2200181 u 4500 | ||
|---|---|---|---|
| 001 | 000365682 | ||
| 003 | AM-YeHGA | ||
| 005 | 20250617131747.0 | ||
| 008 | 041001s1915 ||| r 000 0 arm d | ||
| 040 | _aAM-YeHGA | ||
| 041 | 0 | _aarm | |
| 100 | 1 | _aԶոհրաբ, Կար. | |
| 245 | 1 | 0 |
_aՍագօ / _cԿար. Զոհրաբ. |
| 260 |
_aՆոր-Նախիջեւան : _bԱ.հ., _c1915. |
||
| 300 | _a72 էջ. | ||
| 650 | 1 | 4 | _aՀայ գրականություն |
| 090 | _c141182 | ||
| 999 |
_c139804 _d139804 |
||